L'Ordenament de la formació professional a la província de Barcelona / direcció, Francesc Colomé i Montserrat ; equip redactor: Jordi Planas i Coll ... [et al.] Jordi Planas i Coll ... [et al.]
Descripción Física:
109 p. : a dues columnes ; 30 cm
MARC
| LEADER | 00000nam a2200000Ia 4500 | ||
|---|---|---|---|
| 001 | 10652 | ||
| 008 | 160829s1994 xx 000 0 cat d | ||
| 080 | |a E-1-4 | ||
| 245 | |a L'Ordenament de la formació professional a la província de Barcelona / direcció, Francesc Colomé i Montserrat ; equip redactor: |b Jordi Planas i Coll ... [et al.] | ||
| 260 | |a Barcelona : |b Diputació de Barcelona, |c 1994 | ||
| 300 | |a 109 p. : |b a dues columnes ; |c 30 cm | ||
| 650 | 0 | |a Formació professional |x Barcelona (Província) |9 35536 | |
| 700 | |a Colomé i Montserrat, Francesc, dir. |9 35537 | ||
| 700 | |a Planas i Coll, Jordi |9 37546 | ||
| 710 | 1 | |a Barcelona (Catalunya : Província). |b Diputació |9 52408 | |
| 901 | |a Arxiu | ||
| 942 | |n 1 | ||
| 952 | |0 0 |1 0 |4 0 |6 E14 |7 1 |9 46949 |a Arxiu |b Arxiu |d 2016-12-01 |l 0 |o E-1-4 |p 10652 |r 2016-12-01 00:00:00 |w 2016-12-01 |y ARXIU | ||
| 952 | |0 0 |1 0 |4 0 |6 PDL |7 1 |9 63713 |a Arxiu |b Arxiu |d 2022-09-01 |l 0 |o PDL |p 26635 |r 2022-09-01 00:00:00 |w 2022-09-01 |y ARXIU | ||
| 999 | |c 50742 |d 50742 | ||